000 00684nam a2200193Ii 4500
003 JO-AjNU
008 230605s9999||||xx |||||||||||||| ||und||
040 _aJO-AjNU
_bara
_erda
_cJO-AjNU
041 _aara
050 1 4 _aSB185 1975
100 3 _aجاد ، عبدالمجيد محمد واخروون,
_eauthor
_97121
245 0 0 _aاسس انتاج المحاصيل الجوانب العملية والتطبيقية
264 3 1 _aالاسكندرية,دار المطبوعات الجديدة ، 1975
300 _a251ص
336 _atext
_btxt
_2rdacontent
337 _aunmediated
_bn
_2rdamedia
338 _avolume
_bnc
_2rdacarrier
650 4 _aانتاج المحاصيل
_97122
999 _aA118
_c3686
_d3686